Miasta byłej Jugosławii - Nagła śmierć - Statystyki

Ogólne statystyki
  • Ten quiz został rozwiązany 436 razy
  • Średni wynik to 7 z 12
Answers on the Grid
Answers color-coded by a green-red scale on the quiz's grid according to % correct below.
Belgrad
Zagrzeb
Prisztina
Prizren
Niksic
Koper
Zadar
Zenica
Subotica
Nisz
Bitola
Podgorica
Saloniki
Tirana
Sofia
Krajowa
Debreczyn
Budapeszt
Bratysława
Kiszyniów
 
Statystyki odpowiedzi
Odpowiedź % Poprawnych
Zagrzeb
83%
Belgrad
78%
Podgorica
74%
Prisztina
74%
Zadar
66%
Koper
55%
Subotica
54%
Nisz
51%
Zenica
51%
Niksic
50%
Bitola
44%
Prizren
43%
Nie znaleziono quizów pasujących do podanych kryteriów
Rozkład punktacji
Procent ludzi z każdym wynikiem
Percentyl według liczby udzielonych odpowiedzi
Twoja historia wyników
Nie rozwiązałeś tego quizu